| 000 | 00491nam a2200181Ia 4500 | ||
|---|---|---|---|
| 008 | 121109t2002 xxu||||| |||| 00| 0 sin d | ||
| 041 | _asin | ||
| 080 |
_aX8S1 _bHEG |
||
| 100 | _aLal Hegoda | ||
| 245 | _aමා මිනිසෙක් ඔබ ගඟක් නිසා | ||
| 246 | _aMa Minisek Oba Gangak Nisa | ||
| 250 | _a2nd | ||
| 260 |
_bS.Godage Samagama _aColombo 10 _c2002 |
||
| 300 | _b58p., 22 cm | ||
| 942 | _cBK | ||
| 999 |
_c76154 _d76154 |
||
| 003 | LK-CoDNM | ||
| 040 |
_aLK-CoDNM _dLK-CoDNM _eLK-CoDNM |
||